Telefonicze numery kierunkowe międzynarodowe cz.1 - Statystyki

Ogólne statystyki
  • Ten quiz został rozwiązany 10 razy
  • Średni wynik to 6 z 15
Statystyki odpowiedzi
Numer Państwo % Poprawnych
48 Polska
89%
7 Rosja
67%
91 Indie
56%
47 Norwegia
56%
43 Austria
44%
55 Brazylia
44%
45 Dania
44%
30 Grecja
44%
36 Węgry
44%
371 Łotwa
33%
62 Indonezja
22%
98 Iran
22%
965 Kuwejt
22%
249 Sudan
22%
39 Watykan
22%
Nie znaleziono quizów pasujących do podanych kryteriów
Rozkład punktacji
Procent ludzi z każdym wynikiem
Percentyl według liczby udzielonych odpowiedzi
Twoja historia wyników
Nie rozwiązałeś tego quizu